00360nam a2200121Ia 450000500170000000800410001708200130005810000140007124500630008526000280014830000130017665000490018920250317044745.0240331s9999 xx 000 0 und d a894bNAV aKamal,P.N 0aNaweena kotpaattu aaivukal :btamil illakiyathai munvaithu aBangalorebKaavyac1999 a154 p ., aTamil Ilakkiyathai munvaithu Eluthiya Aaivu